000 00567nam a2200181Ia 4500
003 GCL
008 140319s9999 xx 000 0 ara d
040 _aGCL /
_cGCL
082 0 4 _a252
_bع ا
100 1 _aعبدالحليم محمود
245 1 0 _aالاسلام والايمان /
_cعبدالحليم محمود
260 _aالقاهرة :
_bدار الشعب للطباعة والنشر ،
_c1992
300 _a207 ص ؛
_c24 سم
490 _aمطبوعات الشعب
_v0
650 0 4 _aالاسلام
650 0 4 _aالعبادات
942 _2ddc
_cBK
999 _c29697
_d29697